Оценка суммарной альфа, бета-активности и концентрации радиоизотопов в природных водах Кызылкумского региона Узбекистана; Проблемы геологии и освоения недр; Т. 1

Bibliographic Details
Parent link:Проблемы геологии и освоения недр: труды XXI Международного симпозиума имени академика М. А. Усова студентов и молодых ученых, посвященного 130-летию со дня рождения профессора М. И. Кучина, Томск, 3-7 апреля 2017 г./ Национальный исследовательский Томский политехнический университет (ТПУ), Институт природных ресурсов (ИПР) ; под ред. А. С. Боева.— , 2017
Т. 1.— 2017.— [С. 809]
Main Author: Ражаббоев И. М.
Corporate Author: Навоийский государственный горный институт
Other Authors: Мизомов Л. С. (научный руководитель), Музафаров А. М.
Summary:Заглавие с экрана
Language:Russian
Published: 2017
Series:Геоэкология, охрана и защита окружающей среды. Геоинформационные системы в геоэкологии
Subjects:
Online Access:http://earchive.tpu.ru/handle/11683/44374
Format: Electronic Book Chapter
KOHA link:https://koha.lib.tpu.ru/cgi-bin/koha/opac-detail.pl?biblionumber=624729

MARC

LEADER 00000naa2a2200000 4500
001 624729
005 20231101133328.0
035 |a (RuTPU)RU\TPU\conf\23989 
035 |a RU\TPU\conf\23988 
090 |a 624729 
100 |a 20171128d2017 k y0rusy50 ca 
101 0 |a rus 
102 |a RU 
105 |a y z 100zy 
135 |a drgn ---uucaa 
181 0 |a i  
182 0 |a b 
200 1 |a Оценка суммарной альфа, бета-активности и концентрации радиоизотопов в природных водах Кызылкумского региона Узбекистана  |f И. М. Ражаббоев, Л. С. Мизомов  |g науч. рук. А. М. Музафаров 
203 |a Текст  |c электронный 
225 1 |a Геоэкология, охрана и защита окружающей среды. Геоинформационные системы в геоэкологии 
230 |a 1 компьютерный файл (pdf; 338 Kb) 
300 |a Заглавие с экрана 
461 1 |0 (RuTPU)RU\TPU\conf\21932  |t Проблемы геологии и освоения недр  |o труды XXI Международного симпозиума имени академика М. А. Усова студентов и молодых ученых, посвященного 130-летию со дня рождения профессора М. И. Кучина, Томск, 3-7 апреля 2017 г.  |o в 2 т.  |f Национальный исследовательский Томский политехнический университет (ТПУ), Институт природных ресурсов (ИПР) ; под ред. А. С. Боева  |d 2017 
463 1 |0 (RuTPU)RU\TPU\conf\21936  |t Т. 1  |v [С. 809]  |d 2017 
610 1 |a электронный ресурс 
610 1 |a радиоизотопы 
610 1 |a природные воды 
610 1 |a Кызылкумы 
610 1 |a Узбекистан 
610 1 |a радиоактивные элементы 
610 1 |a радиоэкология 
610 1 |a питьевые воды 
610 1 |a радиационная безопасность 
700 1 |a Ражаббоев  |b И. М. 
701 1 |a Мизомов  |b Л. С. 
702 1 |a Музафаров  |b А. М.  |4 727 
712 0 2 |a Навоийский государственный горный институт 
801 2 |a RU  |b 63413507  |c 20171201  |g RCR 
856 4 |u http://earchive.tpu.ru/handle/11683/44374 
942 |c BK